Federated States of Micronesia : Recent Economic Developments.

This paper reviews economic developments in the Federated States of Micronesia during 1994-97. Real GDP growth, which has been sluggish in recent years, contracted by 4 percent in FY1997. This mainly reflects a sharp reduction in government expenditures under the reform program implemented by the na...

Popoln opis

Bibliografske podrobnosti
Korporativna značnica: International Monetary Fund
Format: Revija
Jezik:English
Izdano: Washington, D.C. : International Monetary Fund, 1998.
Serija:IMF Staff Country Reports; Country Report ; No. 1998/086
Online dostop:Full text available on IMF
LEADER 01682cas a2200241 a 4500
001 AALejournalIMF000710
008 230101c9999 xx r poo 0 0eng d
020 |c 5.00 USD 
020 |z 9781451813760 
022 |a 1934-7685 
040 |a BD-DhAAL  |c BD-DhAAL 
110 2 |a International Monetary Fund. 
245 1 0 |a Federated States of Micronesia :   |b Recent Economic Developments. 
264 1 |a Washington, D.C. :  |b International Monetary Fund,  |c 1998. 
300 |a 1 online resource (39 pages) 
490 1 |a IMF Staff Country Reports 
500 |a <strong>Off-Campus Access:</strong> No User ID or Password Required 
500 |a <strong>On-Campus Access:</strong> No User ID or Password Required 
506 |a Electronic access restricted to authorized BRAC University faculty, staff and students 
520 3 |a This paper reviews economic developments in the Federated States of Micronesia during 1994-97. Real GDP growth, which has been sluggish in recent years, contracted by 4 percent in FY1997. This mainly reflects a sharp reduction in government expenditures under the reform program implemented by the national and state governments since FY1996, the cornerstone of which is the reduction in workforce and wage levels of government employees. The 1996 official GDP data indicated that government services accounted for 42 percent of GDP, wholesale and retail trade for 22 percent, and agriculture, hunting, and forestry for 17 percent. 
538 |a Mode of access: Internet 
830 0 |a IMF Staff Country Reports; Country Report ;  |v No. 1998/086 
856 4 0 |z Full text available on IMF  |u http://elibrary.imf.org/view/journals/002/1998/086/002.1998.issue-086-en.xml  |z IMF e-Library